000 00361nam a22001337a 4500
020 _a9780195136135
040 _cNUST
082 _a621.3192 FRA
100 _aFranco, Sergio
_988401
245 _aElectric Circuits Fundamentals
260 _a NEW YORK:
_b OXFORD UNIVERSITY PRESS,
_c1999.
650 _aELECTRIC CIRCUITS FUNDAMENTALS
_988402
942 _2ddc
_cBK
999 _c587614
_d587614